000
00303 a2200133 4500
001
154049
040
_c
Escola São Tomás de Aquino
100
_a
GABRIEL, Paulo
240
1
0
_a
Nesta noite eu conspiro
_l
por
245
1
0
_a
Nesta noite eu conspiro
362
0
_a
2004
697
_a
Poesia
942
_c
BK
999
_c
154049
_d
154049